[Event "Milan Palladino Memorial"]
[Site "Milan"]
[Date "2011.04.21"]
[Round "1"]
[White "Nicolo, Filippo"]
[Black "Gaggino, Davide"]
[Result "1-0"]
[WhiteElo "2024"]
[BlackElo "1903"]
[PlyCount "69"]
[EventDate "2011.04.21"]
[EventType "swiss"]
[EventRounds "7"]
[EventCountry "ITA"]
[SourceTitle "EXT 2023"]
[Source "ChessBase"]
[SourceDate "2022.10.05"]
[SourceVersion "1"]
[SourceVersionDate "2022.10.05"]
[SourceQuality "1"]

1. e4 e6 2. d4 d5 3. Nc3 Nf6 4. e5 Nfd7 5. f4 c5 6. Nf3 cxd4 7. Nxd4 Nc6 8. Be3 Nxd4 9. Bxd4 Qa5 10. Qg4 g6 11. 0-0-0 a6 12. h4 h5 13. Qh3 Bc5 14. Be2 b5 15. g4 b4 16. Nb1 Qxa2 17. gxh5 gxh5 18. f5 Bxd4 19. Rxd4 Nxe5 20. Rxb4 Nc6 21. Rb6 Nd4 22. Qe3 Nxe2+ 23. Qxe2 Qc4 24. Qe5 Rg8 25. fxe6 fxe6 26. Rxe6+ Kd8 27. Rd6+ Bd7 28. Rxd5 Rc8 29. Nc3 Rc7 30. Rhd1 Kc8 31. R5d4 Qc6 32. Rd6 Qc4 33. Qd5 Qxd5 34. Nxd5 Bg4 35. Re1 1-0

[Event "Milan Befana op"]
[Site "Milan"]
[Date "2011.01.02"]
[Round "2"]
[White "Astengo, Marcello"]
[Black "Gaggino, Davide"]
[Result "1-0"]
[WhiteElo "2118"]
[BlackElo "1905"]
[PlyCount "53"]
[EventDate "2011.01.02"]
[EventType "swiss"]
[EventRounds "6"]
[EventCountry "ITA"]
[SourceTitle "EXT 2012"]
[Source "ChessBase"]
[SourceDate "2011.11.24"]
[SourceVersion "1"]
[SourceVersionDate "2011.11.24"]
[SourceQuality "1"]

1. d4 Nf6 2. c4 g6 3. Nc3 Bg7 4. e4 d6 5. f3 0-0 6. Be3 Nc6 7. Nge2 a6 8. d5 Ne5 9. Ng3 c5 10. Be2 b5 11. cxb5 Qa5 12. 0-0 axb5 13. Nxb5 Ba6 14. a4 Rfb8 15. f4 Ned7 16. e5 Ne8 17. Ne4 Qb4 18. Qc2 Bxb5 19. axb5 Nxe5 20. fxe5 Bxe5 21. Rab1 f5 22. Ng5 Ng7 23. Nf3 Bf6 24. b3 Qa5 25. Bd2 Qd8 26. Bc3 Qf8 27. Rbe1 1-0

[Event "Milan Epiphany op"]
[Site "Milan"]
[Date "2010.01.04"]
[Round "4"]
[White "Marchini, Daniele"]
[Black "Gaggino, Davide"]
[Result "1-0"]
[WhiteElo "1802"]
[BlackElo "1939"]
[PlyCount "87"]
[EventDate "2010.01.02"]
[EventType "swiss"]
[EventRounds "7"]
[EventCountry "ITA"]
[SourceTitle "EXT 2024"]
[Source "ChessBase"]
[SourceDate "2023.10.10"]
[SourceVersion "1"]
[SourceVersionDate "2023.10.10"]
[SourceQuality "1"]

1. d4 d5 2. c4 c6 3. Nc3 Nf6 4. Nf3 a6 5. Bf4 dxc4 6. e3 b5 7. a4 Bb7 8. Qc2 e6 9. g3 Bb4 10. Bg2 Nd5 11. Bxb8 Rxb8 12. 0-0 0-0 13. Ne4 g6 14. Neg5 Be7 15. Nh3 Kg7 16. e4 Nb4 17. Qc3 f6 18. Nf4 Kf7 19. Bh3 Bc8 20. Rad1 Qe8 21. Rfe1 g5 22. Bg4 Kg7 23. Nxe6+ Bxe6 24. Bxe6 Nd3 25. Re2 Bb4 26. Qc2 Qxe6 27. e5 Qg4 28. exf6+ Rxf6 29. Ne5 Qxd4 30. Nxd3 cxd3 31. Rxd3 Qg4 32. axb5 axb5 33. Qd1 Kh6 34. Rd4 Rf4 35. Rxb4 Rxb4 36. Qd6+ Kh5 37. Re6 Qf5 38. Rh6+ Kg4 39. Qxb4+ Kf3 40. Qc3+ Ke2 41. Qe3+ Kd1 42. Rd6+ Kc2 43. Qc3+ Kb1 44. Rd1+ 1-0

[Event "Milan Crespi op-B 30th"]
[Site "Milan"]
[Date "2009.12.07"]
[Round "5"]
[White "Gaggino, Davide"]
[Black "Krstic, Dragan"]
[Result "1-0"]
[WhiteElo "1963"]
[BlackElo "1810"]
[PlyCount "67"]
[EventDate "2009.12.04"]
[EventType "swiss"]
[EventRounds "7"]
[EventCountry "ITA"]
[SourceTitle "EXT 2012"]
[Source "ChessBase"]
[SourceDate "2011.11.24"]
[SourceVersion "1"]
[SourceVersionDate "2011.11.24"]
[SourceQuality "1"]

1. Nf3 Nf6 2. c4 g6 3. Nc3 b6 4. e4 d6 5. d4 Bg7 6. h3 0-0 7. Be3 Bb7 8. d5 Nbd7 9. Be2 c6 10. 0-0 Qc7 11. Qd2 a6 12. Rac1 Rfe8 13. Bh6 Bh8 14. Rfd1 Nc5 15. Qc2 a5 16. Nd4 Rac8 17. Bf3 Ncd7 18. Qd2 Ne5 19. Be2 cxd5 20. cxd5 Bg7 21. Bxg7 Kxg7 22. Bb5 Rf8 23. Qg5 Kh8 24. Qe3 Qd8 25. f4 Nc4 26. Qe2 Qc7 27. Na4 Nxd5 28. exd5 Bxd5 29. b3 Bxg2 30. Rxc4 Qxc4 31. Bxc4 d5 32. Kxg2 dxc4 33. Nxb6 Rc5 34. Qxe7 1-0

[Event "Milan Crespi op-B 30th"]
[Site "Milan"]
[Date "2009.12.06"]
[Round "3"]
[White "Gaggino, Davide"]
[Black "Carbone, Lorenzo"]
[Result "1/2-1/2"]
[WhiteElo "1963"]
[BlackElo "1808"]
[PlyCount "43"]
[EventDate "2009.12.04"]
[EventType "swiss"]
[EventRounds "7"]
[EventCountry "ITA"]
[SourceTitle "EXT 2012"]
[Source "ChessBase"]
[SourceDate "2011.11.24"]
[SourceVersion "1"]
[SourceVersionDate "2011.11.24"]
[SourceQuality "1"]

1. Nf3 c5 2. c4 Nc6 3. Nc3 e6 4. e4 d6 5. Be2 Nf6 6. 0-0 Be7 7. d3 0-0 8. h3 a6 9. Be3 Rb8 10. a4 b6 11. d4 cxd4 12. Nxd4 Bb7 13. Nxc6 Bxc6 14. Bf3 Qc7 15. Bg5 b5 16. axb5 axb5 17. cxb5 Bxb5 18. Nxb5 Rxb5 19. Bc1 d5 20. exd5 Nxd5 21. Qd3 Rfb8 22. Be4 1/2-1/2

[Event "Milan Crespi op-B 30th"]
[Site "Milan"]
[Date "2009.12.05"]
[Round "2"]
[White "Reale, Simone"]
[Black "Gaggino, Davide"]
[Result "1-0"]
[WhiteElo "1826"]
[BlackElo "1963"]
[PlyCount "87"]
[EventDate "2009.12.04"]
[EventType "swiss"]
[EventRounds "7"]
[EventCountry "ITA"]
[SourceTitle "EXT 2012"]
[Source "ChessBase"]
[SourceDate "2011.11.24"]
[SourceVersion "1"]
[SourceVersionDate "2011.11.24"]
[SourceQuality "1"]

1. d4 d5 2. c4 c6 3. cxd5 cxd5 4. Nc3 Nf6 5. Bg5 e6 6. Nf3 Be7 7. e3 Nc6 8. Bd3 h6 9. Bh4 a6 10. 0-0 0-0 11. Rc1 Nh5 12. Bxe7 Qxe7 13. Na4 f5 14. Ne5 Nxe5 15. dxe5 g6 16. Qc2 Qd8 17. Qc7 Bd7 18. Nb6 Bc6 19. Nxa8 Qxa8 20. Qb6 g5 21. b4 f4 22. b5 axb5 23. Bxb5 Bxb5 24. Qxb5 Qb8 25. Qd7 Qxe5 26. Rc7 Ng7 27. exf4 gxf4 28. Rxb7 f3 29. Qc7 Qf6 30. Rb8 fxg2 31. Rxf8+ Kxf8 32. Rb1 Qg6 33. Qb8+ Ne8 34. Qf4+ Kg7 35. Qg3 Qxg3 36. hxg3 Nf6 37. a4 d4 38. Kxg2 Ne4 39. a5 Nc5 40. Rb5 Na6 41. Rb6 Nc5 42. a6 Nxa6 43. Rxa6 e5 44. Kf3 1-0

[Event "Bergamo op 7th"]
[Site "Bergamo"]
[Date "2008.09.12"]
[Round "2"]
[White "Gaggino, Davide"]
[Black "Kogan, Artur"]
[Result "0-1"]
[WhiteElo "1989"]
[BlackElo "2569"]
[PlyCount "62"]
[EventDate "2008.09.12"]
[EventType "swiss"]
[EventRounds "6"]
[EventCountry "ITA"]
[SourceTitle "CBM 126 Extra"]
[Source "ChessBase"]
[SourceDate "2008.11.05"]
[SourceVersion "1"]
[SourceVersionDate "2008.11.05"]
[SourceQuality "1"]

1. Nf3 d5 2. g3 Bg4 3. Bg2 c6 4. 0-0 Nd7 5. d3 Ngf6 6. Nbd2 e6 7. Qe1 Qc7 8. e4 0-0-0 9. e5 Ng8 10. h3 Bf5 11. Qe2 Be7 12. Nb3 Kb8 13. Re1 c5 14. c3 h5 15. Bg5 f6 16. Bf4 g5 17. Bd2 g4 18. Nh4 fxe5 19. Nxf5 exf5 20. Bxd5 Ngf6 21. Bh1 h4 22. d4 e4 23. Bf4 Bd6 24. Bxd6 Qxd6 25. dxc5 Nxc5 26. Nxc5 Qxc5 27. gxh4 Rxh4 28. Qe3 Qxe3 29. Rxe3 f4 30. Rxe4 Nxe4 31. Bxe4 f3 0-1

[Event "Lugano op"]
[Site "Lugano"]
[Date "2006.11.19"]
[Round "4"]
[White "Gaggino, Davide"]
[Black "Stips, Felix"]
[Result "1/2-1/2"]
[WhiteElo "2030"]
[BlackElo "1874"]
[PlyCount "78"]
[EventDate "2006.11.17"]
[EventType "swiss"]
[EventRounds "5"]
[EventCountry "SUI"]
[SourceTitle "EXT 2008"]
[Source "ChessBase"]
[SourceDate "2007.11.25"]
[SourceVersion "1"]
[SourceVersionDate "2007.11.25"]
[SourceQuality "1"]

1. d4 Nf6 2. Bg5 Ne4 3. Bf4 c5 4. d5 Qb6 5. Qc1 d6 6. f3 Nf6 7. e4 g6 8. Na3 e6 9. Bb5+ Bd7 10. Bc4 Bg7 11. c3 0-0 12. Ne2 exd5 13. exd5 Re8 14. Qd2 Nh5 15. Bg5 h6 16. Bh4 Nf4 17. 0-0 Nxe2+ 18. Bxe2 a6 19. Nc4 Qc7 20. Bg3 Bf8 21. a4 b6 22. Rfe1 Bc8 23. Bd3 Rxe1+ 24. Rxe1 Nd7 25. Qf4 Bb7 26. Be4 Ne5 27. Nxe5 dxe5 28. Qxe5 Qxe5 29. Bxe5 f5 30. Bc2 Bxd5 31. Rd1 Be6 32. f4 Kf7 33. Kf2 Be7 34. b3 Rd8 35. Rxd8 Bxd8 36. c4 Bd7 37. Bd1 Bc6 38. Bf3 Bxf3 39. Kxf3 a5 1/2-1/2

[Event "Lugano op"]
[Site "Lugano"]
[Date "2006.11.18"]
[Round "3"]
[White "Aranovitch, Emiliano"]
[Black "Gaggino, Davide"]
[Result "1-0"]
[WhiteElo "2280"]
[BlackElo "2030"]
[PlyCount "51"]
[EventDate "2006.11.17"]
[EventType "swiss"]
[EventRounds "5"]
[EventCountry "SUI"]
[SourceTitle "EXT 2008"]
[Source "ChessBase"]
[SourceDate "2007.11.25"]
[SourceVersion "1"]
[SourceVersionDate "2007.11.25"]
[SourceQuality "1"]

1. e4 d6 2. d4 Nf6 3. Nc3 c6 4. f4 Qa5 5. Bd3 e5 6. Nf3 Bg4 7. Be3 Nbd7 8. a3 Be7 9. 0-0 h5 10. h3 Bxf3 11. Qxf3 b5 12. d5 cxd5 13. Nxd5 Nxd5 14. exd5 a6 15. Bf5 Bf6 16. Bxd7+ Kxd7 17. fxe5 dxe5 18. Qf5+ Kd6 19. Bc5+ Kc7 20. b4 Qa4 21. d6+ Kc6 22. Qe4+ Kd7 23. Qb7+ Ke6 24. d7 e4 25. Qc6+ Ke5 26. Qd6# 1-0

[Event "Piacenza op 1st"]
[Site "Piacenza"]
[Date "2005.11.06"]
[Round "4"]
[White "Bellani, Alessandro"]
[Black "Gaggino, Davide"]
[Result "1-0"]
[WhiteElo "2116"]
[BlackElo "2008"]
[PlyCount "93"]
[EventDate "2005.11.04"]
[EventType "swiss"]
[EventRounds "5"]
[EventCountry "ITA"]
[SourceTitle "CBM 109 Extra"]
[Source "ChessBase"]
[SourceDate "2006.01.03"]
[SourceVersion "2"]
[SourceVersionDate "2006.01.03"]
[SourceQuality "1"]

1. d4 d5 2. c4 c6 3. Nf3 Nf6 4. Nc3 a6 5. e3 b5 6. b3 Bg4 7. h3 Bxf3 8. gxf3 e6 9. c5 g6 10. Bd3 Bg7 11. f4 Ng8 12. h4 h5 13. Bb2 Nh6 14. Qc2 Nf5 15. 0-0-0 Nd7 16. Rdg1 Nf6 17. f3 Qc7 18. Qd2 0-0-0 19. Ne2 Ng8 20. Bc3 Qb8 21. Kc2 Bf6 22. Bxf5 exf5 23. a4 Rd7 24. Ba5 Bd8 25. axb5 axb5 26. Ra1 Nf6 27. Ra2 Ra7 28. Rha1 Re8 29. Nc1 Ree7 30. Nd3 Bxa5 31. Rxa5 Rxa5 32. Rxa5 Kb7 33. Nb4 Qc7 34. Ra6 Re6 35. Qc1 Nd7 36. Qa3 Qb8 37. Kd2 Rf6 38. Qa5 Re6 39. Kd1 g5 40. fxg5 f4 41. e4 dxe4 42. Nxc6 Rxc6 43. Qxb5+ Kc7 44. Rxc6+ Kd8 45. Qxb8+ Nxb8 46. Rd6+ Kc7 47. fxe4 1-0